[Event "Challenge"]
[Site "http://www.queenalice.com/game.php?id=774069"]
[Date "2010.5.11"]
[Round "-"]
[White "RafaelCabral"]
[Black "Locke"]
[Result "0-1"]
[WhiteElo "2047"]
[BlackElo "2233"]

1. d4 f5 2. Nc3 b6 3. e4 fxe4 4. Nxe4 Bb7 5. Bd3 Nf6 6. Qe2 e6 7. Bg5 Be7 8. Nf3
O-O 9. Ne5 Nxe4 10. Bxe7 Qxe7 11. Bxe4 Bxe4 12. Qxe4 Qb4+ 13. Ke2 Qxb2 14. Rhb1
Qc3 15. Kf1 d5 16. Qd3 Qxd3+ 17. Nxd3 Nc6 18. c3 Rf5 19. Ke2 e5 20. g4 Rf7 21.
dxe5 Nxe5 22. Nxe5 Re8 0-1

[Event "Challenge"]
[Site "http://www.queenalice.com/game.php?id=774070"]
[Date "2010.5.11"]
[Round "-"]
[White "RafaelCabral"]
[Black "Locke"]
[Result "0-1"]
[WhiteElo "2020"]
[BlackElo "2222"]

1. Nf3 Nf6 2. g3 g6 3. Bg2 Bg7 4. O-O O-O 5. c4 d6 6. d4 Nbd7 7. Nc3 e5 8. e4 c6
9. h3 Qe7 10. Be3 Nb6 11. b3 Ne8 12. Re1 f5 13. Bg5 Qf7 14. exf5 Bxf5 15. g4 Be6
16. Bh4 h6 17. dxe5 d5 18. c5 Nd7 19. Qd4 Nc7 20. Rab1 Na6 21. b4 Nc7 22. a4 b6
23. cxb6 Nxb6 0-1

[Event "Challenge"]
[Site "http://www.queenalice.com/game.php?id=774071"]
[Date "2010.5.11"]
[Round "-"]
[White "RafaelCabral"]
[Black "Locke"]
[Result "0-1"]
[WhiteElo "2029"]
[BlackElo "2216"]

1. c4 g6 2. g3 Bg7 3. Bg2 d6 4. d4 Nf6 5. Nc3 O-O 6. e4 c5 7. Nge2 Nc6 8. O-O
cxd4 9. Nxd4 Nxe4 10. Nxc6 Nxc3 11. Nxd8 Nxd1 12. Nxb7 Rb8 13. Rxd1 Bxb7 14. Rb1
Bxg2 15. Kxg2 Rfc8 16. Bg5 f6 17. Be3 Rxc4 18. Bxa7 Ra8 19. Bd4 Rxa2 20. Rbc1
Rxc1 21. Rxc1 f5 22. Rc8+ Kf7 23. Bxg7 Kxg7 24. b4 Rb2 0-1

[Event "Challenge"]
[Site "http://www.queenalice.com/game.php?id=774072"]
[Date "2010.5.11"]
[Round "-"]
[White "RafaelCabral"]
[Black "Locke"]
[Result "0-1"]
[WhiteElo "2012"]
[BlackElo "2228"]

1. e4 e6 2. Nf3 c5 3. Nc3 a6 4. d4 Nc6 5. d5 Nce7 6. d6 Nc6 7. Be2 Nf6 8. Bg5 h6
9. Be3 b6 10. Qd2 Bb7 11. e5 Ng4 12. Bf4 g5 13. h3 Nxf2 14. Kxf2 gxf4 15. Qxf4
Bg7 16. Ne4 Nb4 17. Qg4 O-O 18. Nf6+ Kh8 19. Nh5 Rg8 20. c3 Bxf3 21. Qxf3 Nc6
22. Nxg7 Rxg7 23. Qf4 Qg5 0-1

[Event "Challenge"]
[Site "http://www.queenalice.com/game.php?id=774073"]
[Date "2010.5.11"]
[Round "-"]
[White "RafaelCabral"]
[Black "Locke"]
[Result "0-1"]
[WhiteElo "2056"]
[BlackElo "2222"]

1. d4 Nf6 2. c4 g6 3. Nc3 Bg7 4. e4 d6 5. f3 O-O 6. Be3 Nbd7 7. Qd2 c5 8. Nge2
a6 9. g4 cxd4 10. Nxd4 Ne5 11. Be2 Bd7 12. g5 Ne8 13. f4 Nc6 14. h4 f5 15. h5
fxe4 16. hxg6 hxg6 17. Nxe4 Nxd4 18. Bxd4 Bxd4 19. Qxd4 Qa5+ 20. Nc3 Ng7 21.
O-O-O Bc6 22. Rh6 Qf5 0-1

[Event "Challenge"]
[Site "http://www.queenalice.com/game.php?id=774074"]
[Date "2010.5.11"]
[Round "-"]
[White "RafaelCabral"]
[Black "Locke"]
[Result "0-1"]
[WhiteElo "2038"]
[BlackElo "2209"]

1. e4 c6 2. d4 d5 3. Nc3 dxe4 4. Nxe4 Bf5 5. Ng3 Bg6 6. Nf3 Nd7 7. h4 h6 8. h5
Bh7 9. Bd3 e6 10. Bxh7 Rxh7 11. Qd3 Ngf6 12. Bf4 Qa5+ 13. Bd2 Qc7 14. O-O-O Bd6
15. Ne4 Nxe4 16. Qxe4 Nf6 17. Qe2 O-O-O 18. Qc4 Ng4 19. Be3 Bf4 20. Qe2 Rd5 21.
Bxf4 Qxf4+ 22. Rd2 Rh8 23. Rh4 Rhd8 0-1

[Event "AUTO-OPEN-1742"]
[Site "http://www.queenalice.com/game.php?id=786446"]
[Date "2010.6.6"]
[Round "2"]
[White "axelsun"]
[Black "Locke"]
[Result "0-1"]
[WhiteElo "1962"]
[BlackElo "2229"]

1. Nf3 f5 2. g3 Nf6 3. Nc3 Nc6 4. Bg2 e5 5. d3 Bb4 6. Bd2 O-O 7. e4 fxe4 8. Nxe4
d5 9. Nxf6+ Qxf6 10. c3 Bg4 11. cxb4 Bxf3 12. Bxf3 Qxf3 13. Qxf3 Rxf3 14. Ke2
Nd4+ 15. Kd1 Rxd3 16. Kc1 Rf8 17. f4 Nf3 18. Rd1 Rxd2 19. Rxd2 Nxd2 20. Kxd2
exf4 21. Rf1 fxg3 22. Rxf8+ Kxf8 23. hxg3 Ke7 24. Kd3 Ke6 25. Kd4 c6 26. a4 Kf5
27. Ke3 Kg4 28. Kd4 Kxg3 29. Ke5 h5 0-1

[Event "AUTO-OPEN-1742"]
[Site "http://www.queenalice.com/game.php?id=786447"]
[Date "2010.6.6"]
[Round "2"]
[White "Locke"]
[Black "axelsun"]
[Result "1-0"]
[WhiteElo "2217"]
[BlackElo "1957"]

1. e4 e5 2. Nf3 Nc6 3. d4 exd4 4. Bc4 f6 5. O-O Nge7 6. Nxd4 Nxd4 7. Qxd4 c6 8.
Nc3 d5 9. exd5 Be6 10. Re1 Qd6 11. Bf4 Qd7 12. Rxe6 Rd8 13. d6 b6 14. Rae1 h6
15. Qe4 g5 16. Qg6# 1-0

[Event "AUTO-OPEN-1742"]
[Site "http://www.queenalice.com/game.php?id=786456"]
[Date "2010.6.6"]
[Round "2"]
[White "Locke"]
[Black "wiking"]
[Result "0-1"]
[WhiteElo "2223"]
[BlackElo "2142"]

1. Nf3 c5 2. b3 d5 3. e3 a6 4. Bb2 Nc6 5. Be2 Nf6 6. O-O e6 7. d4 Be7 8. Nbd2
O-O 9. c4 cxd4 10. Nxd4 Qb6 11. N2f3 Bd7 12. Rc1 dxc4 13. Bxc4 Rfd8 14. Qe2 Bc5
15. Rfd1 Nxd4 16. Nxd4 Be8 17. Nf3 Bc6 18. Bxf6 gxf6 19. Nd2 Rd7 20. Qg4+ Kf8
21. Nf3 Rad8 22. Rxd7 Rxd7 23. Kf1 f5 24. Qh5 Ba3 25. Rc2 Rd1+ 26. Ke2 Bxf3+ 27.
gxf3 Rg1 28. Qxh7 Qd8 29. Qh8+ Rg8 30. Qh6+ Ke7 31. Qh4+ Ke8 32. Qxd8+ Kxd8 33.
Kf1 Rh8 34. Kg2 f4 35. h3 Rg8+ 36. Kh2 Ke7 37. h4 Bd6 38. Kh3 fxe3 39. h5 b5 40.
Bd3 f5 41. a4 exf2 42. Rxf2 Rg3+ 43. Kh4 f4 44. axb5 Kf7 45. h6 Be7+ 46. Kh5
Rh3+ 47. Kg4 Rh4# 0-1

[Event "AUTO-OPEN-1742"]
[Site "http://www.queenalice.com/game.php?id=786457"]
[Date "2010.6.6"]
[Round "2"]
[White "wiking"]
[Black "Locke"]
[Result "1-0"]
[WhiteElo "2113"]
[BlackElo "2239"]

1. b4 Nf6 2. Bb2 e6 3. a3 d5 4. e3 Bd6 5. Nf3 O-O 6. Nc3 a5 7. Nb5 Be7 8. Nbd4
axb4 9. axb4 Rxa1 10. Qxa1 Bxb4 11. Be2 Nbd7 12. O-O Qe7 13. h3 e5 14. Nf5 Qe6
15. Ng3 e4 16. Nd4 Qb6 17. Rb1 Qa5 18. Qxa5 Bxa5 19. Nb5 Bb6 20. Bd4 Bxd4 21.
exd4 c6 22. Nd6 b5 23. Ngf5 Kh8 24. Ne7 Nb6 25. Nxc6 Bd7 26. Ne5 Kg8 27. Nxb5
Bxb5 28. Rxb5 Nc8 29. Ra5 Nd6 30. Nd7 Nxd7 31. Rxd5 Nc4 32. Bxc4 Nb6 33. Rc5 Rc8
34. Bb3 Rxc5 35. dxc5 Nd7 36. c6 Nb6 37. Kh2 Kf8 38. Kg3 f5 39. Be6 g6 40. c7
Ke7 41. c8=Q Nxc8 42. Bxc8 Kd6 43. Kf4 1-0

[Event "AUTO-OPEN-1742"]
[Site "http://www.queenalice.com/game.php?id=786458"]
[Date "2010.6.6"]
[Round "2"]
[White "Locke"]
[Black "NickThorp"]
[Result "0-1"]
[WhiteElo "2234"]
[BlackElo "2253"]

1. e4 e5 2. Nf3 Nc6 3. Bc4 Bc5 4. c3 Nf6 5. d4 exd4 6. cxd4 Bb4+ 7. Nc3 Bxc3+ 8.
bxc3 Nxe4 9. d5 Ne7 10. O-O Nd6 11. Re1 Nxc4 12. Qd4 O-O 13. Bg5 f6 14. Qxc4 d6
15. Bd2 Ng6 16. Nd4 Ne5 17. Qe2 Bg4 18. f3 Bd7 19. f4 Ng6 20. Ne6 Bxe6 21. dxe6
Ne7 22. Rab1 b6 23. f5 Qe8 24. Qg4 Qc6 25. Rf1 Qc5+ 26. Kh1 Kh8 27. h4 Qa5 28.
Rb2 Qa3 29. Rc2 Qa6 30. Rf2 Rae8 31. h5 h6 32. Qd4 Nc6 33. Qd5 Qa4 34. Bf4 Ne7
35. Qd3 a6 36. Rce2 Qb5 37. Qxb5 axb5 38. Bh2 Ra8 39. Rb2 Ra3 40. Rxb5 Rxc3 41.
g4 Rc4 42. Rg2 Ra8 43. Rbb2 Ra7 44. Rbd2 Kg8 45. Bxd6 cxd6 46. Rxd6 Nc6 47. Rb2
Ne5 48. g5 hxg5 49. Rdxb6 Nf3 50. Rb8+ Kh7 51. Re2 Rg4 52. Rb1 Rg3 53. e7 Ra4
54. e8=Q Rh4+ 0-1

[Event "AUTO-OPEN-1742"]
[Site "http://www.queenalice.com/game.php?id=786459"]
[Date "2010.6.6"]
[Round "2"]
[White "NickThorp"]
[Black "Locke"]
[Result "1-0"]
[WhiteElo "2264"]
[BlackElo "2223"]

1. e4 c6 2. d4 d5 3. Nc3 dxe4 4. Nxe4 Bf5 5. Ng3 Bg6 6. h4 h6 7. Nf3 Nd7 8. h5
Bh7 9. Bd3 Bxd3 10. Qxd3 e6 11. Bd2 Ngf6 12. O-O-O Qc7 13. Ne4 Nxe4 14. Qxe4 Nf6
15. Qe2 Bd6 16. Ne5 O-O-O 17. Bf4 Nd5 18. Bg3 f6 19. Ng6 Bxg3 20. Qxe6+ Kb8 21.
Nxh8 Bf4+ 22. Kb1 Rxh8 23. g3 Bd6 24. c4 Nb4 25. a3 Na6 26. c5 Be7 27. Rde1 Bd8
28. Re2 Qc8 29. Qf7 Qg4 30. Rhe1 Nc7 31. Re4 Qg5 32. Rf4 Nd5 33. Rfe4 Kc8 34.
Qe6+ Kc7 35. Qd6+ Kc8 36. Re8 Rxe8 37. Rxe8 Qf5+ 38. Ka2 Qd7 39. Qxd7+ Kxd7 40.
Rg8 f5 41. Rxg7+ Kc8 42. Rh7 Bf6 43. Rxh6 Bxd4 44. f3 Bxc5 45. Rh8+ Kc7 46. h6
Bd4 47. Rh7+ Kb6 48. Rf7 Ne3 49. h7 Bh8 50. Rf8 Bg7 51. g4 fxg4 52. fxg4 Nxg4
53. Rg8 1-0

[Event "QA-ANNIV-06"]
[Site "http://www.queenalice.com/game.php?id=791042"]
[Date "2010.6.16"]
[Round "1"]
[White "Sbilf"]
[Black "Locke"]
[Result "0-1"]
[WhiteElo "1831"]
[BlackElo "2221"]

1. e4 e6 2. d4 d5 3. e5 c5 4. c3 Nc6 5. Nf3 Qb6 6. Be2 cxd4 7. cxd4 Nge7 8. Na3
Nf5 9. Nc2 Be7 10. O-O Bd7 11. b3 Rc8 12. Bb2 O-O 13. Re1 Nb4 14. Qd2 Rxc2 15.
Qd1 Rxb2 0-1

[Event "Challenge"]
[Site "http://www.queenalice.com/game.php?id=808705"]
[Date "2010.7.25"]
[Round "-"]
[White "kxkmuller"]
[Black "Locke"]
[Result "1-0"]
[WhiteElo "2190"]
[BlackElo "2212"]

1. e4 e6 2. d4 d5 3. Nc3 Nf6 4. e5 Nfd7 5. f4 c5 6. Nf3 Nc6 7. Ne2 Qb6 8. c3 f6
9. a3 Be7 10. b4 cxb4 11. cxb4 O-O 12. Rb1 a6 13. Qd3 Qc7 14. exf6 Bxf6 15. h4
Nb6 16. g4 Nc4 17. Ng5 g6 18. h5 Bxg5 19. hxg6 Bf6 20. Rxh7 Bg7 21. Bg2 b5 22.
f5 Ra7 23. Bh6 Bxh6 24. Rxh6 Qg7 25. Rh7 Qf6 26. Qh3 Rd8 27. g5 Qxf5 28. Rh8+
Kg7 29. Qh7# 1-0

[Event "Ernesto vs. Locke"]
[Site "http://www.queenalice.com/game.php?id=811539"]
[Date "2010.7.31"]
[Round "-"]
[White "Locke"]
[Black "ernesto_che"]
[Result "1-0"]
[WhiteElo "2212"]
[BlackElo "2198"]

1. e4 c5 2. Nf3 Nc6 3. d4 cxd4 4. Nxd4 Nf6 5. Nc3 e5 6. Ndb5 d6 7. Bg5 a6 8. Na3
b5 9. Bxf6 Qxf6 10. Nd5 Qd8 11. Bxb5 axb5 12. Nxb5 Qa5+ 13. c3 Ra7 14. Nxa7 Qxa7
15. O-O Ba6 16. Qa4 Bb7 17. Qxa7 Nxa7 18. a4 Kd8 19. a5 Ba6 20. Rfd1 Be7 21. f3
Nc6 22. b4 Bg5 23. Kf2 Ne7 24. g3 f5 25. h4 Nxd5 26. Rxd5 Be7 27. exf5 Bc4 28.
Rd2 Kc7 29. Re1 Re8 30. h5 Kc6 31. Re4 d5 32. Re3 Bf6 33. f4 e4 34. g4 Bxc3 35.
Rxc3 Kb5 36. Rxd5+ 1-0

[Event "Challenge"]
[Site "http://www.queenalice.com/game.php?id=820345"]
[Date "2010.8.19"]
[Round "-"]
[White "amarkin"]
[Black "Locke"]
[Result "1-0"]
[WhiteElo "2486"]
[BlackElo "2233"]

1. e4 e5 2. Bc4 c6 3. Qe2 d6 4. Nf3 Nf6 5. d4 Be7 6. dxe5 dxe5 7. O-O Qc7 8. a4
O-O 9. Bd2 Bg4 10. h3 Bh5 11. Bc3 Nbd7 12. Rd1 Rad8 13. Nbd2 Bc5 14. g4 Bg6 15.
a5 h6 16. Bd3 Rfe8 17. b4 Bf8 18. Nh4 Bh7 19. Qf3 b5 20. axb6 axb6 21. Nf5 Ra8
22. h4 Rxa1 23. Rxa1 Bxf5 24. Qxf5 g6 25. Qf3 b5 26. Nb3 Rd8 27. Be2 Be7 28. Qe3
Nb6 29. Nc5 Bxc5 30. Qxc5 Nfd7 31. Qe3 Kg7 32. Rd1 f6 33. g5 hxg5 34. hxg5 Rf8
35. Rd3 c5 36. gxf6+ Rxf6 37. Bd2 Rf4 38. Qh3 c4 39. Ra3 Nf6 40. Bxf4 exf4 41.
Qe6 Na4 42. Bxc4 Qxc4 43. Qxc4 bxc4 44. Rxa4 Nxe4 45. b5 Nd6 46. b6 Kf6 47. Rxc4
Nxc4 48. b7 1-0

[Event "Challenge"]
[Site "http://www.queenalice.com/game.php?id=820346"]
[Date "2010.8.19"]
[Round "-"]
[White "Locke"]
[Black "amarkin"]
[Result "1/2-1/2"]
[WhiteElo "2233"]
[BlackElo "2478"]

1. e4 c5 2. Nf3 d6 3. d4 cxd4 4. Nxd4 Nf6 5. Nc3 g6 6. Be3 Bg7 7. f3 O-O 8. Qd2
Nc6 9. Bc4 Ne5 10. Bb3 Bd7 11. O-O-O Rc8 12. h4 h5 13. Kb1 Nc4 14. Bxc4 Rxc4 15.
Nde2 b5 16. Bh6 Bxh6 17. Qxh6 Qc7 18. g4 b4 19. Nd5 Nxd5 20. Rxd5 Rxc2 21. gxh5
Rxe2 22. Rc1 Rc8 23. Rxc7 Rxc7 24. b3 Rcc2 25. hxg6 Rb2+ 26. Kc1 Rec2+ 27. Kd1
fxg6 28. Qxg6+ Kf8 29. Qh6+ Ke8 30. Qh8+ Kf7 31. Qh7+ Kf8 32. e5 Rg2 33. Kc1
Rxa2 34. Qh8+ Rg8 35. Qh6+ Ke8 36. Kb1 Re2 37. Rd2 Rxe5 38. Kb2 Be6 39. Rh2 a5
40. Rc2 Kd7 41. Qc1 Rg3 42. Qf4 Rg1 43. Qf8 Rg8 44. Qh6 Bf5 45. Rd2 Rg1 46. Qf4
Ke8 47. h5 Be6 48. h6 Ree1 49. h7 Rh1 50. Rh2 Rb1+ 51. Kc2 Rxh2+ 52. Kxb1 Rxh7
53. Qe4 Rh1+ 54. Kb2 Rh2+ 55. Kc1 Bxb3 56. Qa8+ Kf7 57. Qxa5 Rc2+ 58. Kb1 Rc5
59. Qxb4 Bd5 60. Qf4+ 1/2-1/2

[Event "Desafio #01"]
[Site "http://www.queenalice.com/game.php?id=826904"]
[Date "2010.9.2"]
[Round "-"]
[White "Aylton"]
[Black "Locke"]
[Result "0-1"]
[WhiteElo "2122"]
[BlackElo "2224"]

1. d4 Nf6 2. Nf3 d6 3. e3 Bg4 4. h3 Bh5 5. c4 Nbd7 6. Nc3 e5 7. dxe5 Nxe5 8. g4
Bg6 9. Nxe5 dxe5 10. Qxd8+ Rxd8 11. Bg2 Bb4 12. Bd2 c6 13. a3 Be7 14. f4 Bd3 15.
Bf1 Ne4 16. Bxd3 Bh4+ 17. Kd1 Nf2+ 18. Kc2 Nxd3 19. Ne4 exf4 20. exf4 O-O 21. b4
Rfe8 22. Nc3 Rd4 23. Raf1 Red8 24. c5 Nxb4+ 25. axb4 Rxd2+ 26. Kb3 R8d3 27. Kc4
b5+ 28. cxb6 axb6 29. Rd1 Bf6 0-1

[Event "Desafio #02"]
[Site "http://www.queenalice.com/game.php?id=826905"]
[Date "2010.9.2"]
[Round "-"]
[White "Locke"]
[Black "Aylton"]
[Result "1-0"]
[WhiteElo "2240"]
[BlackElo "2033"]

1. Nf3 d5 2. g3 Nf6 3. Bg2 e6 4. O-O c5 5. c4 Nc6 6. cxd5 exd5 7. d4 Be6 8. Nc3
a6 9. Bg5 cxd4 10. Nxd4 Nxd4 11. Qxd4 Be7 12. e4 dxe4 13. Bxf6 Bxf6 14. Qxe4
Bxc3 15. Qxb7 Bf6 16. Bc6+ Kf8 17. Rfd1 Qc8 18. Qxa8 Qxa8 19. Bxa8 Ke7 20. Be4
Bxb2 21. Rab1 Bc3 22. Rd3 Be5 23. Rb7+ Kf6 24. Rf3+ Kg5 25. h4+ Kh5 26. Ra3 Kh6
27. Rxa6 g6 28. Ra5 Bc3 29. Rc5 Bd4 30. Rc2 Rd8 31. Rd2 Kg7 32. a4 h5 33. a5 Kf6
34. a6 Ke5 35. Bg2 Bc8 36. Rb5+ Kf6 37. Bb7 Be6 38. Rb4 1-0

[Event "QA-ANNIV-06"]
[Site "http://www.queenalice.com/game.php?id=837000"]
[Date "2010.9.23"]
[Round "2"]
[White "Locke"]
[Black "tewald"]
[Result "1-0"]
[WhiteElo "2229"]
[BlackElo "1915"]

1. e4 e6 2. d4 d5 3. Nc3 dxe4 4. Nxe4 Bd7 5. Nf3 Bc6 6. Bd3 Nd7 7. O-O Ngf6 8.
Ned2 Be7 9. Re1 O-O 10. c3 a6 11. Qc2 Nb6 12. Ne5 Qd5 13. Ne4 g6 14. Bg5 Kg7 15.
Nxc6 Qxc6 16. Bxf6+ Bxf6 17. Nxf6 Kxf6 18. Be4 Qd7 19. Bxb7 Ra7 20. Qe2 Rxb7 21.
Qf3+ Kg7 22. Qxb7 a5 23. Qf3 f5 24. Re5 a4 25. Rae1 Rf6 26. Qe2 Kf7 27. Rc5 Qd6
28. Qe5 1-0

[Event "Challenge"]
[Site "http://www.queenalice.com/game.php?id=837888"]
[Date "2010.9.25"]
[Round "-"]
[White "danbotoy"]
[Black "Locke"]
[Result "1-0"]
[WhiteElo "2001"]
[BlackElo "2226"]

1. e4 d5 2. exd5 Qxd5 3. Nc3 Qa5 4. Nf3 Nf6 5. d4 Bg4 6. h3 Bh5 7. Bd2 c6 8. Bc4
Nbd7 9. Qe2 e6 10. g4 Bg6 11. g5 Nh5 12. d5 cxd5 13. Nxd5 Qc5 14. Nc3 a6 15.
O-O-O Rc8 16. Bxe6 fxe6 17. Qxe6+ Be7 18. Rhe1 Rc7 19. Nh4 Bf7 20. Qe4 Nf8 21.
Qg4 g6 22. f4 Ng7 23. Be3 Qc6 24. Bd4 Be6 25. Qe2 Rg8 26. Bf6 Rd7 27. Bxe7 Kxe7
28. Nf3 Nf5 29. Ne5 Rxd1+ 30. Rxd1 Qc5 31. Kb1 Rg7 32. Qd2 Qb6 33. Ne4 Ne3 34.
Re1 Nf5 35. Qc3 Ke8 36. Rd1 Rc7 37. Qa3 Nd7 38. Nxd7 Bxd7 39. Nf6+ Kf7 40. Nxd7
Rxd7 41. Rxd7+ 1-0

[Event "Challenge"]
[Site "http://www.queenalice.com/game.php?id=837889"]
[Date "2010.9.25"]
[Round "-"]
[White "Locke"]
[Black "danbotoy"]
[Result "0-1"]
[WhiteElo "2246"]
[BlackElo "1974"]

1. e4 c5 2. Nf3 Nc6 3. Bb5 g6 4. O-O Bg7 5. d3 Nf6 6. Nbd2 O-O 7. c3 d5 8. exd5
Nxd5 9. Bxc6 bxc6 10. Ne4 Qb6 11. Re1 f5 12. Ng3 f4 13. Ne4 Bg4 14. h3 Bh5 15.
Neg5 Rf5 16. Qe2 h6 17. Ne6 Be5 18. Qxe5 Rxe5 19. Nxe5 g5 20. Nd7 Qa5 21. Ndxc5
Bf7 22. d4 Bxe6 23. Rxe6 Rb8 24. Rg6+ Kh7 25. Rxc6 Nxc3 26. Re6 Nd5 27. Re5 Rg8
28. f3 Rd8 29. a3 Kg8 30. b4 Qb5 31. Re4 Qc4 32. Bd2 Nf6 33. Rc1 Qa2 34. Re2
Rxd4 35. Bc3 Qxe2 36. Bxd4 Nd5 37. Ne4 Ne3 38. Rc8+ Kf7 39. Bxe3 Qe1+ 40. Kh2
fxe3 0-1

[Event "Challenge"]
[Site "http://www.queenalice.com/game.php?id=838006"]
[Date "2010.9.25"]
[Round "-"]
[White "takebora"]
[Black "Locke"]
[Result "0-1"]
[WhiteElo "979"]
[BlackElo "2232"]

1. f3 e5 2. h4 Nc6 3. c3 Bc5 4. d4 exd4 5. Bd2 Nf6 6. e3 dxe3 7. Nh3 exd2+ 8.
Nxd2 O-O 9. Qe2 Re8 10. Ne4 Nxe4 11. fxe4 Qxh4+ 12. Nf2 Bxf2+ 13. Qxf2 Rxe4+ 14.
Be2 Qxh1+ 15. Kd2 Qxa1 16. Bd1 Qxb2+ 17. Kd3 Qxf2 18. Kxe4 d5+ 19. Kxd5 Qf5+ 20.
Kc4 Be6# 0-1